000
00230nmm a2200085Ia 4500
008
220120s9999||||xx |||||||||||||||||und||
100
_a
Digit
245
0
_a
Doom3 : Updates for windows & Linux, Multimedia Dr. Tag plus
260
_c
2004
999
_c
138794
_d
138794